[Zahraničnoobchodné vzťahy EÚ s vybranými tretími krajinami III (Južná Kórea, Kanada, Ukrajina, Rusko)]

Recenzia na monografiu autoriek E. Kašťákovej a V. Ružekovej, ktoré sa pokúsili priniesť kompletný obraz o aktuálnom stave a vývoji zahraničnoobchodných vzťahov EÚ s vybranými krajinami.

Uložené v:
Podrobná bibliografia
Hlavný autor: Vargová, Andrea
Médium: Kapitola
Jazyk:Slovak
Predmet:
Tagy: Pridať tag
Žiadne tagy, Buďte prvý, kto otaguje tento záznam!

MARC

LEADER 00000naa a2200000 4500
001 0205796
005 20240502073427.7
041 0 |a slo 
044 |a SK 
245 1 0 |a [Zahraničnoobchodné vzťahy EÚ s vybranými tretími krajinami III (Južná Kórea, Kanada, Ukrajina, Rusko)]  |c Andrea Vargová 
520 |a Recenzia na monografiu autoriek E. Kašťákovej a V. Ružekovej, ktoré sa pokúsili priniesť kompletný obraz o aktuálnom stave a vývoji zahraničnoobchodných vzťahov EÚ s vybranými krajinami. 
610 2 0 |a obchod zahraničný 
610 2 0 |a dohody medzinárodné 
610 2 0 |a dovoz 
610 2 0 |a vývoz 
610 2 0 |a Európska únia 
610 2 0 |a recenzie 
100 1 |a Vargová, Andrea